U.S. business tax system and global competiveness

Bibliographic Details
Main Author: Carle, Raymond E.
Corporate Author: ProQuest (Firm)
Format: Electronic eBook
Language:English
Published: New York : Nova Science Publishers, Inc., 2009.
Subjects:
Online Access:Click to View
LEADER 01319nam a2200349 a 4500
001 EBC3019350
003 MiAaPQ
005 20200520144314.0
006 m o d |
007 cr cn|||||||||
008 130326s2009 nyu sb 001 0 eng d
020 |z 9781606922552 
020 |a 9781613241936 (electronic bk.) 
035 |a (MiAaPQ)EBC3019350 
035 |a (Au-PeEL)EBL3019350 
035 |a (CaPaEBR)ebr10670915 
035 |a (OCoLC)923660951 
040 |a MiAaPQ  |c MiAaPQ  |d MiAaPQ 
043 |a n-us--- 
050 4 |a KF6450  |b .C37 2009 
100 1 |a Carle, Raymond E. 
245 1 0 |a U.S. business tax system and global competiveness  |h [electronic resource] /  |c Raymond E. Carle. 
260 |a New York :  |b Nova Science Publishers, Inc.,  |c 2009. 
300 |a viii, 157 p. 
504 |a Includes bibliographical references and index. 
533 |a Electronic reproduction. Ann Arbor, MI : ProQuest, 2015. Available via World Wide Web. Access may be limited to ProQuest affiliated libraries. 
650 0 |a Business enterprises  |x Taxation  |z United States. 
650 0 |a Corporations  |x Taxation  |z United States. 
650 0 |a Competition, International. 
655 4 |a Electronic books. 
710 2 |a ProQuest (Firm) 
856 4 0 |u https://ebookcentral.proquest.com/lib/matrademy/detail.action?docID=3019350  |z Click to View